000
00271nam a22001217a 4500
082
_a
823
_b
APP/A
100
_a
NAIR, APPUKKUTTAN
245
_a
ATHENA'S OWL NEVER FLIES AT NIGHT
260
_a
ALUVA
_b
PEN BOOKS
_c
2005
300
_a
159
650
_a
NOVEL
_z
INDIA
942
_c
BK
999
_c
2591
_d
2591